[Event "4NCL Division 2d"]
[Site "Hinckley Island ENG"]
[Date "2014.05.04"]
[Round "10.54"]
[White "Pleasants, Allan J"]
[Black "Richmond, Peter A"]
[Result "1/2-1/2"]
[WhiteElo "2045"]
[BlackElo "2185"]
[PlyCount "32"]
[EventDate "2014.05.04"]
[WhiteTeam "Wessex"]
[BlackTeam "Brown Jack"]

1. e4 c5 2. Nf3 Nc6 3. Bb5 e6 4. Bxc6 bxc6 5. d3 d6 6. O-O e5 7. Nfd2 Be7 8.
Nc4 Be6 9. Nc3 Bf6 10. f4 exf4 11. Bxf4 Bxc4 12. dxc4 Bd4+ 13. Kh1 Ne7 14. Qf3
O-O 15. Rad1 Ng6 16. Ne2 Be5 1/2-1/2

[Event "4NCL Division 2d"]
[Site "Hinckley Island ENG"]
[Date "2014.05.04"]
[Round "10.55"]
[White "Richmond, Jane"]
[Black "Clark, Ian C"]
[Result "1/2-1/2"]
[WhiteElo "2078"]
[BlackElo "2063"]
[PlyCount "100"]
[EventDate "2014.05.04"]
[WhiteTeam "Brown Jack"]
[BlackTeam "Wessex"]

1. e4 c5 2. Nf3 d6 3. Bb5+ Bd7 4. Bxd7+ Qxd7 5. O-O Nc6 6. c3 Nf6 7. Qe2 e6 8.
d4 cxd4 9. cxd4 Be7 10. Nc3 O-O 11. h3 a6 12. a4 Rac8 13. Bf4 Nb4 14. Rfc1 Bd8
15. Nd2 e5 16. Be3 Nc6 17. d5 Nd4 18. Qd3 Bb6 19. f4 Nh5 20. fxe5 dxe5 21. Nc4
Rxc4 22. Qxc4 Nf3+ 23. Kf2 Nd2 24. Qe2 Bxe3+ 25. Kxe3 Nb3 26. Qxh5 Qd6 27. Ke2
Qb4 28. Kd1 Nxa1 29. Rxa1 Qxb2 30. Rc1 Qxg2 31. Qg4 Qf1+ 32. Kd2 Qf6 33. Rb1
Qe7 34. h4 Qc7 35. Rg1 g6 36. h5 Rc8 37. Qh3 Qc5 38. Rg2 Qd4+ 39. Qd3 Rxc3 40.
Qxd4 exd4 41. Rg5 Kf8 42. Re5 Rc7 43. Kd3 Re7 44. Rg5 Ke8 45. Kxd4 Rc7 46. Rg3
Kd8 47. Rh3 Rc1 48. Ke5 Ke7 49. Rb3 f6+ 50. Kd4 Rd1+ 1/2-1/2

[Event "4NCL Division 2d"]
[Site "Hinckley Island ENG"]
[Date "2014.05.04"]
[Round "10.56"]
[White "Gill, Oliver"]
[Black "Hackett, Dave G"]
[Result "1/2-1/2"]
[WhiteElo "2022"]
[BlackElo "2118"]
[PlyCount "122"]
[EventDate "2014.05.04"]
[WhiteTeam "Wessex"]
[BlackTeam "Brown Jack"]

1. e4 c5 2. b3 Nc6 3. Bb2 e5 4. Bc4 Nf6 5. Nc3 Be7 6. d3 O-O 7. Nge2 Nd4 8. O-O
a6 9. a4 Rb8 10. a5 Bd6 11. Qd2 Bc7 12. Nxd4 exd4 13. Nd5 Nxd5 14. Bxd5 g5 15.
c3 Be5 16. cxd4 cxd4 17. f4 gxf4 18. Rxf4 Qg5 19. Rxf7 Qxd2 20. Rf2+ Kg7 21.
Rxd2 b5 22. g3 Bb7 23. Bxb7 Rxb7 24. Rc1 Kg6 25. Rf2 Rbb8 26. Rxf8 Rxf8 27. Kg2
Rf6 28. Rc5 Rc6 29. Ba3 Kf6 30. Rxc6+ dxc6 31. Bc5 Ke6 32. Kf3 Kf6 33. h4 Kg6
34. Kg4 h5+ 35. Kh3 Kf7 36. g4 Kg6 37. Be7 Kf7 38. Bc5 Kg6 39. b4 Kh6 40. gxh5
Kxh5 41. Be7 Bf4 42. Bf8 Be5 43. Bc5 Bf6 44. Bd6 Bxh4 45. e5 Be1 46. e6 Kg6 47.
Kg4 Kf6 48. e7 Kf7 49. Bc5 Bf2 50. Kf5 Bh4 51. e8=Q+ Kxe8 52. Ke6 Bg3 53. Bxd4
Kd8 54. Bc5 Kc7 55. Bb6+ Kc8 56. d4 Be1 57. Bc5 Kc7 58. Bd6+ Kc8 59. Bc5 Kc7
60. Bb6+ Kb7 61. Bc5 Kc7 1/2-1/2

[Event "4NCL Division 2d"]
[Site "Hinckley Island ENG"]
[Date "2014.05.04"]
[Round "10.58"]
[White "Zhou, Yang-Jian"]
[Black "Whatley, Stephen AJ (jnr)"]
[Result "1-0"]
[WhiteElo "1730"]
[BlackElo "1865"]
[PlyCount "99"]
[EventDate "2014.05.04"]
[WhiteTeam "Wessex"]
[BlackTeam "Brown Jack"]

1. c4 e5 2. g3 f5 3. Bg2 Nf6 4. Nc3 d6 5. Nf3 g6 6. d4 e4 7. Nd2 c6 8. d5 Ng4
9. Nb3 Ne5 10. f3 exf3 11. exf3 Nxc4 12. Qd4 Ne5 13. f4 Nf7 14. O-O Qb6 15.
Re1+ Kd8 16. Be3 Qxd4 17. Bxd4 Rg8 18. Bf6+ Kc7 19. dxc6 bxc6 20. Rac1 Nd7 21.
Nb5+ Kb8 22. Bxc6 Nxf6 23. Bxa8 Bd7 24. Bc6 Bxc6 25. Rxc6 Nd8 26. Ra6 Nb7 27.
Nxa7 Ne4 28. Rc1 Nbc5 29. Nxc5 Nxc5 30. Ra5 Bg7 31. b4 Nd3 32. Nc6+ Kb7 33. Rd1
Nb2 34. Rc1 Nd3 35. Rc2 Kb6 36. a3 Rc8 37. Rd5 Ne1 38. Rb5+ Kc7 39. Rc4 d5 40.
Rxd5 Kb6 41. Kf2 Rxc6 42. Rxc6+ Kxc6 43. Rc5+ Kd6 44. Kxe1 Bb2 45. Ra5 Ke6 46.
Ke2 Bd4 47. Kf3 Kf6 48. h3 Bb2 49. Ra6+ Kg7 50. b5 1-0

[Event "4NCL Division 2d"]
[Site "Hinckley Island ENG"]
[Date "2014.05.04"]
[Round "10.61"]
[White "Chapman, Terry PD"]
[Black "Strugnell, Carl P"]
[Result "1/2-1/2"]
[WhiteElo "2296"]
[BlackElo "2270"]
[PlyCount "53"]
[EventDate "2014.05.04"]
[WhiteTeam "Barbican 4NCL Youth"]
[BlackTeam "Rhyfelwyr Essyllwg"]

1. d4 Nf6 2. Nf3 g6 3. c4 Bg7 4. g3 d5 5. cxd5 Nxd5 6. Bg2 Nb6 7. Nc3 Nc6 8.
O-O Nxd4 9. Nxd4 Qxd4 10. a4 Qxd1 11. Rxd1 Bxc3 12. bxc3 Nd7 13. a5 a6 14. Rb1
c6 15. Ba3 Nf8 16. f4 Ne6 17. Rd2 f6 18. e4 Nd8 19. Kf2 Kf7 20. Ke3 f5 21. Kf2
fxe4 22. Bxe4 Re8 23. Bc2 Bh3 24. Re1 Kf6 25. Bc5 Ne6 26. Bb6 g5 27. Ke3
1/2-1/2

[Event "4NCL Division 2d"]
[Site "Hinckley Island ENG"]
[Date "2014.05.04"]
[Round "10.62"]
[White "Kett, Timothy J"]
[Black "Rogers, Jonathan W"]
[Result "1/2-1/2"]
[WhiteElo "2240"]
[BlackElo "2305"]
[PlyCount "62"]
[EventDate "2014.05.04"]
[WhiteTeam "Rhyfelwyr Essyllwg"]
[BlackTeam "Barbican 4NCL Youth"]

1. e4 d5 2. exd5 Nf6 3. d4 Nxd5 4. c4 Nf6 5. Nc3 e5 6. Nf3 exd4 7. Qxd4 Qxd4 8.
Nxd4 Bc5 9. Nb3 Bb4 10. Bd2 O-O 11. a3 Re8+ 12. Be2 Bxc3 13. Bxc3 Bf5 14. Bxf6
gxf6 15. Nd4 Bd3 16. O-O-O Bxe2 17. Rhe1 Nc6 18. Rxe2 Ne5 19. b3 c5 20. Nf5 a6
21. Kc2 Re6 22. Red2 Nc6 23. Rd7 Re2+ 24. R1d2 Rxd2+ 25. Kxd2 Rd8 26. Rxd8+
Nxd8 27. b4 cxb4 28. axb4 Kf8 29. Kc3 Ke8 30. c5 Kd7 31. Kc4 Ke6 1/2-1/2

[Event "4NCL Division 2d"]
[Site "Hinckley Island ENG"]
[Date "2014.05.04"]
[Round "10.63"]
[White "Berry, Neil"]
[Black "Trevelyan, John"]
[Result "1/2-1/2"]
[WhiteElo "2201"]
[BlackElo "2115"]
[PlyCount "92"]
[EventDate "2014.05.04"]
[WhiteTeam "Barbican 4NCL Youth"]
[BlackTeam "Rhyfelwyr Essyllwg"]

1. d4 Nf6 2. c4 e6 3. g3 Bb4+ 4. Bd2 Bxd2+ 5. Qxd2 d6 6. Nc3 e5 7. dxe5 dxe5 8.
Qxd8+ Kxd8 9. Nf3 Nbd7 10. Rd1 Re8 11. Bg2 c6 12. Ng5 Re7 13. O-O Kc7 14. Rd2
a5 15. Nge4 Ne8 16. Bh3 g6 17. Bxd7 Bxd7 18. Rfd1 Bf5 19. f3 h5 20. b3 Rd7 21.
Rxd7+ Bxd7 22. Nc5 Bf5 23. e4 Bc8 24. Kf2 Ng7 25. Ke3 Ne6 26. Nd3 f6 27. f4
exf4+ 28. gxf4 Bd7 29. Rg1 g5 30. fxg5 fxg5 31. Rf1 Rf8 32. Rf5 b6 33. Ne5 Be8
34. Ne2 Kd6 35. Nf3 Rg8 36. Nfd4 Nxd4 37. Nxd4 c5 38. e5+ Ke7 39. Ne2 Rg6 40.
Ng3 Bd7 41. Rf6 Rxf6 42. exf6+ Kxf6 43. Nxh5+ Ke5 44. Ng3 Bc6 45. Ne2 Kf5 46.
Nc3 Ke5 1/2-1/2

[Event "4NCL Division 2d"]
[Site "Hinckley Island ENG"]
[Date "2014.05.04"]
[Round "10.64"]
[White "Bullen, Alex"]
[Black "Stewart, Ashley"]
[Result "1/2-1/2"]
[WhiteElo "2047"]
[BlackElo "2069"]
[PlyCount "96"]
[EventDate "2014.05.04"]
[WhiteTeam "Rhyfelwyr Essyllwg"]
[BlackTeam "Barbican 4NCL Youth"]

1. e4 c5 2. Nf3 Nc6 3. d4 cxd4 4. Nxd4 g6 5. c4 Bg7 6. Be3 d6 7. Be2 Nf6 8. Nc3
O-O 9. f3 Nxd4 10. Bxd4 Bd7 11. Qd2 Bc6 12. Kf2 a5 13. Rac1 a4 14. g4 Qa5 15.
Qe3 Nd7 16. Bxg7 Kxg7 17. h4 Qc5 18. Rhd1 Qxe3+ 19. Kxe3 Rfe8 20. Rd2 Nc5 21.
Bd3 Rh8 22. Bb1 Rab8 23. Bd3 h6 24. f4 b6 25. Be2 f6 26. Bf3 g5 27. f5 b5 28.
cxb5 Bxb5 29. Nd5 Kf7 30. h5 Bc6 31. Nc3 Rb6 32. Be2 Rhb8 33. Rcc2 Kf8 34. Bd3
Rb4 35. a3 R4b6 36. Na2 Be8 37. Bc4 Bc6 38. Bd3 Rb3 39. Nc3 Ke8 40. Ke2 R3b7
41. Ke3 Rb6 42. Bc4 Nd7 43. Be2 Kf8 44. Bc4 Ne5 45. Be2 Rb3 46. Kf2 Ke8 47. Ke1
Bd7 48. Kd1 Bc6 1/2-1/2

[Event "4NCL Division 2d"]
[Site "Hinckley Island ENG"]
[Date "2014.05.04"]
[Round "10.65"]
[White "Brett, Andrew R"]
[Black "Brown, Tom"]
[Result "1/2-1/2"]
[WhiteElo "2136"]
[BlackElo "2086"]
[PlyCount "56"]
[EventDate "2014.05.04"]
[WhiteTeam "Barbican 4NCL Youth"]
[BlackTeam "Rhyfelwyr Essyllwg"]

1. d4 d5 2. Nf3 c6 3. c4 Nf6 4. e3 e6 5. Nbd2 Nbd7 6. b3 a5 7. Bd3 a4 8. Rb1
axb3 9. axb3 Bd6 10. Bb2 Qc7 11. c5 Be7 12. b4 b6 13. Ra1 Rxa1 14. Qxa1 O-O 15.
O-O Bb7 16. Nb3 bxc5 17. Nxc5 Bxc5 18. bxc5 Ra8 19. Qb1 Ba6 20. Qa1 Qb7 21.
Bxa6 Rxa6 22. Qc1 Ne4 23. Ne1 Ra2 24. Nd3 Qb3 25. Rd1 f6 26. f3 Ng5 27. Rd2 e5
28. Qc3 Qxc3 1/2-1/2

[Event "4NCL Division 2d"]
[Site "Hinckley Island ENG"]
[Date "2014.05.04"]
[Round "10.66"]
[White "Hewitt, William AR"]
[Black "Moss, Guy"]
[Result "1/2-1/2"]
[WhiteElo "2040"]
[BlackElo "2030"]
[PlyCount "64"]
[EventDate "2014.05.04"]
[WhiteTeam "Rhyfelwyr Essyllwg"]
[BlackTeam "Barbican 4NCL Youth"]

1. e4 c5 2. Nf3 d6 3. d4 cxd4 4. Nxd4 Nf6 5. Nc3 Nc6 6. Bc4 e6 7. Be3 Be7 8.
Qe2 O-O 9. O-O-O a6 10. Bb3 Qc7 11. Rhg1 b5 12. g4 b4 13. Nxc6 Qxc6 14. Nd5
exd5 15. g5 Qb5 16. Qxb5 axb5 17. gxf6 Bxf6 18. Bxd5 Ra6 19. Bd4 Be5 20. h4 Be6
21. Bxe6 fxe6 22. Bxe5 dxe5 23. Rd7 g6 24. h5 Rxa2 25. Rg2 Ra1+ 26. Kd2 Rf7 27.
Rd6 Ra2 28. hxg6 hxg6 29. Rxe6 Rxb2 30. Rgxg6+ Kf8 31. Kc1 Ra2 32. Kb1 b3
1/2-1/2

[Event "4NCL Division 2d"]
[Site "Hinckley Island ENG"]
[Date "2014.05.04"]
[Round "10.67"]
[White "Morrison, Lynne GP"]
[Black "Blackburn, Suzy G"]
[Result "1/2-1/2"]
[WhiteElo "1885"]
[BlackElo "1962"]
[PlyCount "96"]
[EventDate "2014.05.04"]
[WhiteTeam "Barbican 4NCL Youth"]
[BlackTeam "Rhyfelwyr Essyllwg"]

1. d4 e6 2. Nf3 Nf6 3. e3 b6 4. Bd3 Bb7 5. Nbd2 c5 6. c3 Be7 7. e4 Nc6 8. O-O
cxd4 9. Nxd4 Ne5 10. Bc2 Ba6 11. Re1 Qc7 12. N2f3 Nxf3+ 13. Nxf3 Bc5 14. h3 O-O
15. Bg5 Nh5 16. Qd2 f6 17. Be3 Bxe3 18. Qxe3 Nf4 19. Rad1 Kh8 20. Rd2 e5 21.
Red1 Bb5 22. Kh2 Bc6 23. Nh4 Rad8 24. g3 Ne6 25. Rd6 Nd4 26. R6xd4 exd4 27.
Rxd4 Rde8 28. Qd3 f5 29. exf5 Re1 30. f3 Qe5 31. Bd1 Qe3 32. Qxe3 Rxe3 33. g4
Re1 34. Ng2 Rf1 35. Kg3 g6 36. Nh4 gxf5 37. Nxf5 Re8 38. Nh4 Ree1 39. Bb3 Rg1+
40. Kf4 Rh1 41. Rd6 Rxh3 42. Kg5 Re5+ 43. Nf5 Rxf3 44. Rf6 Re8 45. Kh6 Be4 46.
Rf7 Bxf5 47. gxf5 Rh3+ 48. Kg5 Rg8+ 1/2-1/2

[Event "4NCL Division 2d"]
[Site "Hinckley Island ENG"]
[Date "2014.05.04"]
[Round "10.68"]
[White "Hatchett, Paul D"]
[Black "Verma, Aditya"]
[Result "1-0"]
[WhiteElo "1974"]
[BlackElo "1639"]
[PlyCount "77"]
[EventDate "2014.05.04"]
[WhiteTeam "Rhyfelwyr Essyllwg"]
[BlackTeam "Barbican 4NCL Youth"]

1. e4 e6 2. d3 d5 3. Nd2 Nf6 4. Ngf3 c5 5. g3 Be7 6. Bg2 Nc6 7. O-O O-O 8. Re1
a6 9. e5 Nd7 10. Nf1 b5 11. h4 Bb7 12. N1h2 Nb6 13. Ng4 c4 14. d4 b4 15. c3 a5
16. Bg5 Na7 17. Qc2 Nd7 18. Re3 Nb5 19. Bxe7 Qxe7 20. Ng5 g6 21. Rae1 Kg7 22.
Rf3 h6 23. Nh3 Bc6 24. Nf6 a4 25. h5 a3 26. hxg6 fxg6 27. Nf4 Qf7 28. Bh3 Nc7
29. cxb4 axb2 30. Qxb2 Nxf6 31. exf6+ Qxf6 32. Nxe6+ Qxe6 33. Bxe6 Rxf3 34. Bg4
Rf7 35. Qb1 Re8 36. Rxe8 Bxe8 37. Qe1 Kf8 38. Qe5 Ba4 39. Qh8+ 1-0

[Event "4NCL Division 2d"]
[Site "Hinckley Island ENG"]
[Date "2014.05.04"]
[Round "10.71"]
[White "Fernandez, Michael H"]
[Black "Posazhennikov, Alex"]
[Result "1/2-1/2"]
[WhiteElo "1993"]
[BlackElo "2250"]
[PlyCount "134"]
[EventDate "2014.05.04"]
[WhiteTeam "Bradford DCA Knights A"]
[BlackTeam "Poisoned Pawns"]

1. e4 d5 2. exd5 Nf6 3. Nc3 Nxd5 4. Nf3 g6 5. d4 Bg7 6. Bc4 Nb6 7. Be2 Nc6 8.
Be3 Bg4 9. h3 Bxf3 10. Bxf3 Nxd4 11. Bxb7 Rb8 12. Ne2 Nxe2 13. Bc6+ Kf8 14.
Qxd8+ Rxd8 15. Kxe2 Bxb2 16. Rad1 Kg7 17. Bxb6 axb6 18. Rxd8 Rxd8 19. Rd1 Bd4
20. c4 Rd6 21. Bd5 e5 22. f4 c6 23. fxe5 Bxe5 24. Bf3 Re6 25. Rd3 h5 26. Re3
Kf6 27. Rd3 Bd4+ 28. Kf1 Ke5 29. Rd2 Rf6 30. Ke2 Rd6 31. Kf1 f5 32. g3 f4 33.
g4 hxg4 34. hxg4 Kf6 35. Kg2 Kg5 36. Kh3 c5 37. Kg2 Re6 38. Re2 Be3 39. Re1 Kf6
40. Rd1 Bd4 41. a4 Ke7 42. Rd2 Kd6 43. Re2 Be3 44. Bd5 Re7 45. Rb2 Kc7 46. Kf3
g5 47. Be4 Rd7 48. Bd5 Rh7 49. Kg2 Rh6 50. Rb1 Bd2 51. Rb2 Bc3 52. Rc2 Bd4 53.
Re2 Kd7 54. Re1 Be3 55. Rb1 Ke7 56. Rb2 Bd4 57. Rb1 Bc3 58. Rc1 Bd4 59. Rb1 Kd7
60. Re1 Kd6 61. Re8 Bc3 62. Bf3 Re6 63. Rxe6+ Kxe6 64. Bc6 Ke5 65. Kf3 Kd4 66.
Bb5 Kd3 67. Ba6 Bd4 1/2-1/2

[Event "4NCL Division 2d"]
[Site "Hinckley Island ENG"]
[Date "2014.05.04"]
[Round "10.72"]
[White "Swanson, Stephen"]
[Black "Hackner, Oskar A"]
[Result "1-0"]
[WhiteElo "2224"]
[BlackElo "2119"]
[PlyCount "99"]
[EventDate "2014.05.04"]
[WhiteTeam "Poisoned Pawns"]
[BlackTeam "Bradford DCA Knights A"]

1. e4 e6 2. d3 d5 3. Nd2 c5 4. g3 Nc6 5. Bg2 Nf6 6. f4 g6 7. e5 Nd7 8. Ndf3 Bg7
9. Nh3 f6 10. exf6 Bxf6 11. O-O O-O 12. c3 e5 13. fxe5 Ndxe5 14. Nxe5 Nxe5 15.
Nf4 d4 16. c4 Rb8 17. h3 Bf5 18. g4 Bd7 19. Nd5 Bg7 20. Bf4 b5 21. Qe2 Re8 22.
Rae1 bxc4 23. dxc4 d3 24. Qf2 Rxb2 25. Qxc5 Nc6 26. Ne3 d2 27. Qd5+ Kh8 28. Rd1
Nb4 29. Qf3 Ba4 30. Nd5 Bxd1 31. Qxd1 Bd4+ 32. Kh1 Nxd5 33. cxd5 Bc3 34. Qf3
Qf6 35. d6 Rf8 36. g5 Qg7 37. d7 Rbb8 38. Bxb8 Rxb8 39. Qd3 Ba5 40. Qd5 Qc3 41.
Qe6 Rg8 42. Bd5 Qg7 43. Qxg8+ Qxg8 44. Bxg8 Kxg8 45. Rd1 Kf7 46. Rxd2 Ke7 47.
Rd5 Bd8 48. Kg2 Ke6 49. Rd3 Kf5 50. Re3 1-0

[Event "4NCL Division 2d"]
[Site "Hinckley Island ENG"]
[Date "2014.05.04"]
[Round "10.73"]
[White "Drabble, Andrew"]
[Black "Byway, Paul V"]
[Result "1/2-1/2"]
[WhiteElo "2071"]
[BlackElo "2122"]
[PlyCount "78"]
[EventDate "2014.05.04"]
[WhiteTeam "Bradford DCA Knights A"]
[BlackTeam "Poisoned Pawns"]

1. d4 d5 2. Nf3 e6 3. c4 Nf6 4. g3 Be7 5. Bg2 O-O 6. Nbd2 b6 7. O-O Bb7 8. b3
Nbd7 9. Bb2 c5 10. Re1 Rc8 11. Rc1 Ne4 12. cxd5 exd5 13. Nxe4 dxe4 14. Nd2 f5
15. dxc5 Nxc5 16. Nc4 Qxd1 17. Rexd1 Rcd8 18. Kf1 Bg5 19. Rb1 Bd5 20. h4 Be7
21. Ne3 Be6 22. Be5 Rxd1+ 23. Rxd1 Rd8 24. Rxd8+ Bxd8 25. Ke1 Kf7 26. Kd2 Bf6
27. Bxf6 Kxf6 28. Kc3 Ke5 29. Nc4+ Bxc4 30. Kxc4 a6 31. f4+ exf3 32. exf3 f4
33. gxf4+ Kxf4 34. b4 Na4 35. Kd4 b5 36. Bh3 Nb6 37. Bg4 g6 38. h5 gxh5 39.
Bxh5 Kg5 1/2-1/2

[Event "4NCL Division 2d"]
[Site "Hinckley Island ENG"]
[Date "2014.05.04"]
[Round "10.74"]
[White "Goodger, Martyn"]
[Black "Jones, Steven A"]
[Result "1-0"]
[WhiteElo "2110"]
[BlackElo "2079"]
[PlyCount "55"]
[EventDate "2014.05.04"]
[WhiteTeam "Poisoned Pawns"]
[BlackTeam "Bradford DCA Knights A"]

1. e4 c5 2. Nf3 Nc6 3. c3 d5 4. exd5 Qxd5 5. d4 cxd4 6. cxd4 Bg4 7. Be2 e6 8.
h3 Bh5 9. Nc3 Qa5 10. d5 exd5 11. Nd4 Bxe2 12. Qxe2+ Be7 13. Nxc6 bxc6 14. O-O
Kf8 15. Re1 Re8 16. Bd2 Nf6 17. Qd3 Qd8 18. Rac1 Qd7 19. Na4 h6 20. Be3 Bd6 21.
Qa6 Re6 22. Nc5 Bxc5 23. Bxc5+ Kg8 24. Bxa7 Rxe1+ 25. Rxe1 g6 26. Bd4 Kg7 27.
Rc1 Rc8 28. Rc3 1-0

[Event "4NCL Division 2d"]
[Site "Hinckley Island ENG"]
[Date "2014.05.04"]
[Round "10.76"]
[White "Rosen, Daniel B"]
[Black "Jennings, Roger W"]
[Result "0-1"]
[WhiteElo "2081"]
[BlackElo "2138"]
[PlyCount "74"]
[EventDate "2014.05.04"]
[WhiteTeam "Poisoned Pawns"]
[BlackTeam "Bradford DCA Knights A"]

1. e4 g6 2. d4 Bg7 3. Nc3 d6 4. Be3 Nf6 5. f3 c6 6. Qd2 Qa5 7. Bd3 Na6 8. Nge2
Nb4 9. O-O Nxd3 10. cxd3 O-O 11. Rac1 e5 12. Rfd1 Be6 13. b3 Rfd8 14. dxe5 dxe5
15. Na4 Qxd2 16. Rxd2 Nd7 17. Rcd1 f5 18. exf5 Bxf5 19. Ng3 b5 20. Nc3 Nb6 21.
d4 exd4 22. Nxf5 gxf5 23. Bxd4 Bh6 24. Rd3 b4 25. Ne2 Nd5 26. Kf2 Rd7 27. g3
Rad8 28. f4 Nc3 29. Bxc3 Rxd3 30. Rxd3 Rxd3 31. Bxb4 Bf8 32. Bc3 Bc5+ 33. Ke1
Kf7 34. Be5 Ke6 35. Nc1 Bb4+ 36. Ke2 Rd2+ 37. Ke3 Rxh2 0-1

[Event "4NCL Division 2d"]
[Site "Hinckley Island ENG"]
[Date "2014.05.04"]
[Round "10.78"]
[White "McMahon, Paul"]
[Black "Bak, Andrew"]
[Result "0-1"]
[WhiteElo "1992"]
[BlackElo "2041"]
[PlyCount "106"]
[EventDate "2014.05.04"]
[WhiteTeam "Poisoned Pawns"]
[BlackTeam "Bradford DCA Knights A"]

1. Nc3 Nf6 2. Nf3 d5 3. d4 c5 4. Bg5 e6 5. e4 dxe4 6. Nxe4 Qa5+ 7. Bd2 Qb6 8.
dxc5 Bxc5 9. Nxc5 Qxc5 10. a3 Nc6 11. Bd3 O-O 12. O-O e5 13. b4 Qd6 14. Re1 Bg4
15. Bc3 Rad8 16. Qe2 Rfe8 17. Rad1 Qc7 18. Bb2 Nd4 19. Bxd4 exd4 20. Qd2 Bxf3
21. gxf3 Rxe1+ 22. Rxe1 Qd7 23. Qf4 Qd6 24. Qxd6 Rxd6 25. Re7 Rd7 26. Rxd7 Nxd7
27. f4 Nf6 28. Kf1 Kf8 29. Ke2 Ke7 30. Bc4 Nh5 31. f5 Kf6 32. Kd3 Ke5 33. Bxf7
Nf4+ 34. Kc4 Nh3 35. f3 Nf4 36. a4 Ng2 37. Be6 Ne1 38. Bc8 b6 39. f4+ Ke4 40.
Bb7+ Ke3 41. Kb3 Kxf4 42. Bc8 h5 43. a5 bxa5 44. bxa5 h4 45. Bd7 h3 46. c4 Nd3
47. Kc2 Ne5 48. c5 d3+ 49. Kd2 Nxd7 50. c6 Nc5 51. c7 Ne4+ 52. Kxd3 Nd6 53. Kd4
Nb5+ 0-1

[Event "4NCL Division 2d"]
[Site "Hinckley Island ENG"]
[Date "2014.05.04"]
[Round "10.81"]
[White "Webb, Matthew D"]
[Black "Sathyanandha, Saravanan"]
[Result "1-0"]
[WhiteElo "2069"]
[BlackElo "2193"]
[PlyCount "75"]
[EventDate "2014.05.04"]
[WhiteTeam "White Rose 2"]
[BlackTeam "KJCA Kings"]

1. e4 e6 2. d4 d5 3. Nd2 Nf6 4. e5 Nfd7 5. Bd3 c5 6. c3 Nc6 7. Ngf3 g6 8. O-O
Bg7 9. Bb5 Qb6 10. Qa4 O-O 11. Nb3 c4 12. Nbd2 a6 13. Bxc6 Qxc6 14. Qxc6 bxc6
15. b3 cxb3 16. axb3 c5 17. Ba3 a5 18. Rfe1 Bb7 19. Bxc5 Nxc5 20. dxc5 Rfc8 21.
b4 axb4 22. cxb4 Rxa1 23. Rxa1 d4 24. Nc4 Rd8 25. b5 Rd5 26. c6 Rxb5 27. cxb7
Rxb7 28. Ra8+ Bf8 29. g3 Kg7 30. Nd6 Bxd6 31. exd6 Kf6 32. Ra6 d3 33. Ra3 e5
34. Rxd3 Rd7 35. Nd2 e4 36. Nxe4+ Ke5 37. Nc5 Rxd6 38. f4+ 1-0

[Event "4NCL Division 2d"]
[Site "Hinckley Island ENG"]
[Date "2014.05.04"]
[Round "10.82"]
[White "Jones, Victor GL"]
[Black "Adams, David M"]
[Result "0-1"]
[WhiteElo "2222"]
[BlackElo "2193"]
[PlyCount "54"]
[EventDate "2014.05.04"]
[WhiteTeam "KJCA Kings"]
[BlackTeam "White Rose 2"]

1. e4 d6 2. d4 Nf6 3. Nc3 e5 4. Nf3 Nbd7 5. Bc4 Be7 6. O-O O-O 7. Re1 c6 8. a4
a5 9. h3 exd4 10. Nxd4 Nc5 11. Bf4 Be6 12. Nxe6 fxe6 13. Bg3 d5 14. Bd3 Nxd3
15. Qxd3 Bc5 16. Rad1 Nh5 17. Rd2 Qg5 18. Kh2 Rf7 19. Rde2 Raf8 20. Nd1 Nf6 21.
Nc3 Qh6 22. Kg1 Nh5 23. Nd1 Rf3 24. gxf3 Nxg3 25. Kg2 Nh5 26. Qd2 Nf4+ 27. Kg1
Qg6+ 0-1

[Event "4NCL Division 2d"]
[Site "Hinckley Island ENG"]
[Date "2014.05.04"]
[Round "10.83"]
[White "Weller, Jean-Luc"]
[Black "Oswald, David C"]
[Result "1-0"]
[WhiteElo "2191"]
[BlackElo "2108"]
[PlyCount "97"]
[EventDate "2014.05.04"]
[WhiteTeam "White Rose 2"]
[BlackTeam "KJCA Kings"]

1. d4 Nc6 2. c4 e5 3. d5 Nce7 4. Nc3 Ng6 5. Nf3 Bb4 6. Qb3 a5 7. a3 Bxc3+ 8.
Qxc3 d6 9. h4 h6 10. h5 N6e7 11. e4 Nf6 12. Nd2 Bg4 13. Be2 Bxe2 14. Kxe2 Qd7
15. f3 c6 16. Nf1 cxd5 17. cxd5 Rc8 18. Qd3 O-O 19. Bd2 a4 20. Ne3 Nh7 21. g4
b5 22. Rab1 Ng5 23. b3 Rb8 24. bxa4 bxa4 25. Nc4 Rxb1 26. Rxb1 Nc8 27. Na5 g6
28. hxg6 fxg6 29. Bxg5 hxg5 30. Rb7 Qd8 31. Nc6 Qf6 32. Qe3 Qh8 33. Rb8 Qf6 34.
Rb4 Kf7 35. Rxa4 Rh8 36. Rb4 Rh2+ 37. Kd3 Rh3 38. Ke2 Rh2+ 39. Kd3 Rh3 40. Rb7+
Ke8 41. Ke2 Rh2+ 42. Kd1 Rh1+ 43. Kc2 Rh2+ 44. Kb1 Qh8 45. Qxg5 Rh1+ 46. Ka2
Qh2+ 47. Rb2 Qh4 48. Qxg6+ Kf8 49. Qf5+ 1-0

[Event "4NCL Division 2d"]
[Site "Hinckley Island ENG"]
[Date "2014.05.04"]
[Round "10.84"]
[White "Jones, William EG"]
[Black "Weller, Pierre"]
[Result "1-0"]
[WhiteElo "2124"]
[BlackElo "2113"]
[PlyCount "55"]
[EventDate "2014.05.04"]
[WhiteTeam "KJCA Kings"]
[BlackTeam "White Rose 2"]

1. e4 e6 2. d4 d5 3. Nc3 Nf6 4. e5 Nfd7 5. f4 c5 6. Nf3 Nc6 7. Be3 Be7 8. dxc5
O-O 9. Qd2 Bxc5 10. Bxc5 Nxc5 11. O-O-O Qa5 12. Qe3 Rd8 13. Nd4 Bd7 14. Kb1
Rac8 15. Bd3 Nb4 16. a3 Nbxd3 17. cxd3 b5 18. f5 b4 19. f6 h6 20. Qg3 g6 21.
Qh4 Kh7 22. Nf3 Rh8 23. axb4 Qb6 24. bxc5 Rxc5 25. Na4 Bxa4 26. Qxa4 Ra5 27.
Qd7 Rf8 28. Qd6 1-0

[Event "4NCL Division 2d"]
[Site "Hinckley Island ENG"]
[Date "2014.05.04"]
[Round "10.85"]
[White "Shaw, Peter"]
[Black "Ball, Laurence"]
[Result "1/2-1/2"]
[WhiteElo "2173"]
[BlackElo "2096"]
[PlyCount "72"]
[EventDate "2014.05.04"]
[WhiteTeam "White Rose 2"]
[BlackTeam "KJCA Kings"]

1. d4 f5 2. g3 Nf6 3. Bg2 g6 4. Nf3 Bg7 5. O-O O-O 6. b3 d6 7. Bb2 c6 8. Nbd2
Ne4 9. c4 Qe8 10. Qc2 Nxd2 11. Nxd2 e5 12. dxe5 dxe5 13. e4 f4 14. c5 Na6 15.
Rfd1 Be6 16. Nc4 fxg3 17. fxg3 Qe7 18. Nd6 Kh8 19. Qc3 Qc7 20. b4 b5 21. a3 Qe7
22. Qe3 Nc7 23. Bc3 Bg8 24. Bh3 Ne6 25. Bxe6 Bxe6 26. h4 h6 27. Kh2 a6 28. Rf1
Bd7 29. Qe2 Qe6 30. Qg2 Kg8 31. Rxf8+ Rxf8 32. Rf1 Rxf1 33. Qxf1 Qa2+ 34. Kg1
Qb3 35. Qf2 Be6 36. Bb2 Qd1+ 1/2-1/2

[Event "4NCL Division 2d"]
[Site "Hinckley Island ENG"]
[Date "2014.05.04"]
[Round "10.86"]
[White "Tambini, Jasper"]
[Black "Burnett, Jim"]
[Result "1/2-1/2"]
[WhiteElo "2037"]
[BlackElo "2128"]
[PlyCount "97"]
[EventDate "2014.05.04"]
[WhiteTeam "KJCA Kings"]
[BlackTeam "White Rose 2"]

1. e4 e6 2. d4 d5 3. e5 c5 4. c3 Nc6 5. Nf3 Bd7 6. a3 f6 7. Bd3 fxe5 8. Nxe5
Nxe5 9. dxe5 Ne7 10. c4 Qc7 11. Qe2 dxc4 12. Bxc4 Nc6 13. f4 Nd4 14. Qf2 O-O-O
15. O-O Be7 16. b4 Nf5 17. b5 g5 18. a4 gxf4 19. Bxf4 Rhg8 20. a5 Rg6 21. Nc3
Rdg8 22. g3 Qd8 23. Ne4 Nd4 24. Nd6+ Bxd6 25. exd6 Kb8 26. Bd3 Rf6 27. Qg2 Nxb5
28. a6 Bc6 29. Be4 Qd7 30. Bxc6 bxc6 31. Be5 Rf5 32. Rxf5 exf5 33. Rb1 Re8 34.
Bf4 Re4 35. Qb2 Kc8 36. Qh8+ Re8 37. Qb2 Qf7 38. Rd1 Kd7 39. Bg5 Qg6 40. Be7 f4
41. Qg2 Rg8 42. Qh3+ Qg4 43. Qxg4+ Rxg4 44. Kg2 fxg3 45. hxg3 Ra4 46. Rh1 Nxd6
47. Rxh7 Ke6 48. Bxd6 Kxd6 49. Rxa7 1/2-1/2

[Event "4NCL Division 2d"]
[Site "Hinckley Island ENG"]
[Date "2014.05.04"]
[Round "10.87"]
[White "Lewyk, Ihor"]
[Black "Lunn, Matthew"]
[Result "1/2-1/2"]
[WhiteElo "2065"]
[BlackElo "2044"]
[PlyCount "35"]
[EventDate "2014.05.04"]
[WhiteTeam "White Rose 2"]
[BlackTeam "KJCA Kings"]

1. Nf3 c5 2. e4 Nc6 3. Bb5 g6 4. Bxc6 bxc6 5. O-O Bg7 6. e5 Nh6 7. Nc3 O-O 8.
d3 d5 9. h3 Nf5 10. Bd2 f6 11. Bf4 Nd4 12. exf6 Bxf6 13. Ne5 Bg7 14. Bh2 Bxh3
15. Ne2 Bxe5 16. Bxe5 Nxe2+ 17. Qxe2 Bc8 18. c4 1/2-1/2